[Event "d12b"]
[Site "?"]
[Date "2020.08.30"]
[Round "13.1"]
[White "Szczotka, Klara"]
[Black "Seemann, Pola"]
[Result "1-0"]
[BlackElo "1165"]
[WhiteElo "1654"]
[LiveChessVersion "1.4.8"]

1. e4 {[%clk 0:03:03]} e5 {[%clk 0:03:03]} 2. Nf3 {[%clk 0:03:04]} Nc6
{[%clk 0:03:04]} 3. Bc4 {[%clk 0:03:05]} Nf6 {[%clk 0:03:05]} 4. d3
{[%clk 0:03:07]} Be7 {[%clk 0:03:05]} 5. c3 {[%clk 0:03:08]} d5 {[%clk 0:03:02]}
6. exd5 {[%clk 0:03:07]} Nxd5 {[%clk 0:03:02]} 7. h3 {[%clk 0:03:06]} O-O
{[%clk 0:03:02]} 8. Bb3 {[%clk 0:03:06]} Be6 {[%clk 0:02:53]} 9. O-O
{[%clk 0:03:06]} Qd7 {[%clk 0:02:53]} 10. Nbd2 {[%clk 0:03:04]} Rad8
{[%clk 0:02:50]} 11. Bc2 {[%clk 0:03:04]} Nf4 {[%clk 0:02:46]} 12. Nc4
{[%clk 0:02:32]} Bxc4 {[%clk 0:02:37]} 13. dxc4 {[%clk 0:02:32]} Qxd1
{[%clk 0:02:33]} 14. Rxd1 {[%clk 0:02:33]} Ne2+ {[%clk 0:02:33]} 15. Kh1
{[%clk 0:02:29]} Rxd1+ {[%clk 0:02:27]} 16. Bxd1 {[%clk 0:02:30]} Nxc1
{[%clk 0:02:27]} 17. Rxc1 {[%clk 0:02:31]} Rd8 {[%clk 0:02:24]} 18. Bc2
{[%clk 0:02:24]} Bf6 {[%clk 0:02:17]} 19. Re1 {[%clk 0:02:18]} a5
{[%clk 0:02:00]} 20. Be4 {[%clk 0:02:16]} Rd6 {[%clk 0:01:57]} 21. Bxc6
{[%clk 0:02:14]} Rxc6 {[%clk 0:01:52]} 22. Nxe5 {[%clk 0:02:14]} Bxe5
{[%clk 0:01:50]} 23. Rxe5 {[%clk 0:02:15]} f6 {[%clk 0:01:50]} 24. Rxa5
{[%clk 0:02:15]} Rxc4 {[%clk 0:01:51]} 25. Rd5 {[%clk 0:02:10]} c6
{[%clk 0:01:42]} 26. Rd2 {[%clk 0:02:10]} b5 {[%clk 0:01:39]} 27. Kh2
{[%clk 0:02:08]} Kf7 {[%clk 0:01:40]} 28. Kg3 {[%clk 0:02:09]} Ke6
{[%clk 0:01:38]} 29. Kf3 {[%clk 0:02:10]} Kf5 {[%clk 0:01:35]} 30. g4+
{[%clk 0:02:07]} Kg6 {[%clk 0:01:32]} 31. Ke3 {[%clk 0:02:07]} h5
{[%clk 0:01:16]} 32. f3 {[%clk 0:02:04]} hxg4 {[%clk 0:01:11]} 33. hxg4
{[%clk 0:01:59]} Kg5 {[%clk 0:01:01]} 34. Rd7 {[%clk 0:01:55]} Kg6
{[%clk 0:01:02]} 35. Rd4 {[%clk 0:01:52]} Rc5 {[%clk 0:00:59]} 36. Kd3
{[%clk 0:01:49]} Re5 {[%clk 0:00:53]} 37. c4 {[%clk 0:01:39]} b4 {[%clk 0:00:41]}
38. c5 {[%clk 0:01:34]} Rxc5 {[%clk 0:00:39]} 39. Rxb4 {[%clk 0:01:35]} Ra5
{[%clk 0:00:35]} 40. a3 {[%clk 0:01:34]} Kg5 {[%clk 0:00:32]} 41. Rc4
{[%clk 0:01:35]} Ra6 {[%clk 0:00:32]} 42. Ke3 {[%clk 0:01:07]} g6
{[%clk 0:00:29]} 43. Rc5+ {[%clk 0:01:06]} Kh4 {[%clk 0:00:25]} 44. Rc2
{[%clk 0:00:57]} Kg3 {[%clk 0:00:21]} 45. Rc1 {[%clk 0:00:46]} Rb6
{[%clk 0:00:18]} 46. Rg1+ {[%clk 0:00:42]} Kh2 {[%clk 0:00:15]} 47. Rb1
{[%clk 0:00:43]} Kg3 {[%clk 0:00:16]} 48. b4 {[%clk 0:00:40]} Ra6
{[%clk 0:00:16]} 49. Rb3 {[%clk 0:00:41]} Kh4 {[%clk 0:00:14]} 50. Kd4
{[%clk 0:00:41]} Kg5 {[%clk 0:00:14]} 51. Kc5 {[%clk 0:00:40]} Kf4
{[%clk 0:00:13]} 52. Kd4 {[%clk 0:00:33]} Kg5 {[%clk 0:00:12]} 53. Ke4
{[%clk 0:00:29]} Kh4 {[%clk 0:00:12]} 54. Kf4 {[%clk 0:00:26]} Kh3
{[%clk 0:00:10]} 55. g5 {[%clk 0:00:27]} f5 {[%clk 0:00:07]} 56. Ke5
{[%clk 0:00:26]} Kh4 {[%clk 0:00:08]} 57. Kf4 {[%clk 0:00:18]} Kh5
{[%clk 0:00:06]} 58. Rc3 {[%clk 0:00:17]} Kh4 {[%clk 0:00:03]} 59. Rc1
{[%clk 0:00:16]} Kh3 {[%clk 0:00:00]} 1-0

[Event "d12b"]
[Site "?"]
[Date "2020.08.30"]
[Round "13.2"]
[White "Sprzeczka, Emilia"]
[Black "Salamon, Julia"]
[Result "1-0"]
[BlackElo "1156"]
[WhiteElo "1177"]
[LiveChessVersion "1.4.8"]

1. e4 {[%clk 0:03:03]} c5 {[%clk 0:03:04]} 2. Nf3 {[%clk 0:03:04]} e6
{[%clk 0:03:05]} 3. d4 {[%clk 0:03:05]} cxd4 {[%clk 0:03:06]} 4. Nxd4
{[%clk 0:03:05]} Nf6 {[%clk 0:03:06]} 5. Nc3 {[%clk 0:03:06]} Nc6
{[%clk 0:03:07]} 6. Be3 {[%clk 0:03:01]} Bb4 {[%clk 0:03:07]} 7. a3
{[%clk 0:03:01]} Bxc3+ {[%clk 0:03:06]} 8. bxc3 {[%clk 0:03:01]} Qa5
{[%clk 0:02:46]} 9. Nb5 {[%clk 0:01:58]} Nxe4 {[%clk 0:02:03]} 10. Qg4
{[%clk 0:01:18]} Nxc3 {[%clk 0:01:07]} 11. Bd2 {[%clk 0:01:13]} Qa4
{[%clk 0:01:01]} 12. Qxg7 {[%clk 0:00:46]} Nxb5 {[%clk 0:00:40]} 13. Qxh8+
{[%clk 0:00:43]} Ke7 {[%clk 0:00:41]} 14. Bg5+ {[%clk 0:00:33]} Kd6
{[%clk 0:00:34]} 15. Qf8+ {[%clk 0:00:13]} Kc7 {[%clk 0:00:32]} 16. Bxb5
{[%clk 0:00:13]} Qxb5 {[%clk 0:00:24]} 17. Bf4+ {[%clk 0:00:10]} e5
{[%clk 0:00:21]} 18. Be3 {[%clk 0:00:09]} Qa5+ {[%clk 0:00:19]} 19. Bd2
{[%clk 0:00:09]} Qd5 {[%clk 0:00:17]} 20. Be3 {[%clk 0:00:06]} Qxg2
{[%clk 0:00:11]} 21. Rf1 {[%clk 0:00:06]} Qd5 {[%clk 0:00:11]} 22. Rd1
{[%clk 0:00:05]} Qa5+ {[%clk 0:00:11]} 23. Bd2 {[%clk 0:00:06]} Qb5
{[%clk 0:00:09]} 24. c3 {[%clk 0:00:06]} Qd5 {[%clk 0:00:08]} 25. Be3
{[%clk 0:00:07]} Qa5 {[%clk 0:00:06]} 26. Qd6+ {[%clk 0:00:07]} Kd8
{[%clk 0:00:06]} 27. Bc5 {[%clk 0:00:07]} Qxc3+ {[%clk 0:00:06]} 28. Rd2
{[%clk 0:00:08]} Qc1+ {[%clk 0:00:04]} 29. Ke2 {[%clk 0:00:09]} Qc4+
{[%clk 0:00:05]} 30. Ke1 {[%clk 0:00:08]} Qe4+ {[%clk 0:00:06]} 31. Kd1
{[%clk 0:00:08]} Qa4+ {[%clk 0:00:06]} 32. Rc2 {[%clk 0:00:08]} Qg4+
{[%clk 0:00:07]} 33. f3 {[%clk 0:00:07]} Qe6 {[%clk 0:00:05]} 34. Qf8+
{[%clk 0:00:08]} Kc7 {[%clk 0:00:07]} 35. Qg7 {[%clk 0:00:04]} Qd5+
{[%clk 0:00:08]} 36. Kc1 {[%clk 0:00:05]} Qe6 {[%clk 0:00:06]} 37. Qg5
{[%clk 0:00:06]} h6 {[%clk 0:00:06]} 38. Qe3 {[%clk 0:00:06]} b6 {[%clk 0:00:06]}
39. Bb4 {[%clk 0:00:06]} Ba6 {[%clk 0:00:06]} 40. Rd1 {[%clk 0:00:07]} Kb7
{[%clk 0:00:07]} 41. Rd6 {[%clk 0:00:07]} Qf5 {[%clk 0:00:05]} 42. Qd2
{[%clk 0:00:06]} Kc8 {[%clk 0:00:04]} 43. Rcxc6+ {[%clk 0:00:04]} dxc6
{[%clk 0:00:05]} 44. Rxc6+ Kb7 45. Qd5 {[%clk 0:00:05]} Qg5+ {[%clk 0:00:05]} 46.
Kb2 {[%clk 0:00:06]} Qg2+ {[%clk 0:00:07]} 47. Bd2 {[%clk 0:00:06]} Qg7
{[%clk 0:00:05]} 48. Rg6+ {[%clk 0:00:07]} Kc7 {[%clk 0:00:04]} 49. Rxg7
{[%clk 0:00:07]} Rd8 {[%clk 0:00:05]} 50. Rxf7+ {[%clk 0:00:08]} Kc8
{[%clk 0:00:06]} 51. Qc6+ {[%clk 0:00:08]} Kb8 {[%clk 0:00:07]} 52. Qc7+
{[%clk 0:00:09]} 1-0

[Event "d12b"]
[Site "?"]
[Date "2020.08.30"]
[Round "13.3"]
[White "Marczyk, Kinga"]
[Black "Wojs, Alicja"]
[Result "0-1"]
[BlackElo "1285"]
[WhiteElo "1166"]
[LiveChessVersion "1.4.8"]

1. e4 {[%clk 0:03:04]} e6 {[%clk 0:03:03]} 2. d4 {[%clk 0:03:05]} d5 3. e5 c5
{[%clk 0:03:06]} 4. c3 {[%clk 0:03:07]} Qb6 {[%clk 0:03:08]} 5. Nf3
{[%clk 0:03:08]} Nc6 6. a3 cxd4 {[%clk 0:03:10]} 7. cxd4 {[%clk 0:03:10]} Nge7
{[%clk 0:03:11]} 8. Nc3 {[%clk 0:03:11]} Nf5 {[%clk 0:03:11]} 9. Na4
{[%clk 0:03:12]} Qc7 {[%clk 0:03:08]} 10. b4 {[%clk 0:03:13]} Bd7
{[%clk 0:03:04]} 11. Bb2 {[%clk 0:03:09]} Rc8 {[%clk 0:03:00]} 12. Rc1
{[%clk 0:03:09]} Qd8 {[%clk 0:03:01]} 13. Be2 {[%clk 0:03:06]} Nce7
{[%clk 0:02:58]} 14. Nc3 {[%clk 0:03:06]} Qb6 {[%clk 0:02:56]} 15. O-O
{[%clk 0:03:02]} Nc6 {[%clk 0:02:51]} 16. Na4 {[%clk 0:02:55]} Qd8
{[%clk 0:02:51]} 17. h3 {[%clk 0:02:43]} Be7 {[%clk 0:02:52]} 18. Qd2
{[%clk 0:02:40]} Nxe5 {[%clk 0:02:46]} 19. Nxe5 {[%clk 0:02:24]} Bxa4
{[%clk 0:02:46]} 20. b5 {[%clk 0:02:20]} O-O {[%clk 0:02:33]} 21. Bd3
{[%clk 0:02:02]} Qe8 {[%clk 0:02:10]} 22. Qe2 {[%clk 0:02:01]} f6
{[%clk 0:02:02]} 23. Nf3 {[%clk 0:01:58]} Qd7 {[%clk 0:01:58]} 24. Rfe1
{[%clk 0:01:56]} Rxc1 {[%clk 0:01:53]} 25. Rxc1 {[%clk 0:01:56]} Bd6
{[%clk 0:01:44]} 26. Nh2 {[%clk 0:01:38]} Re8 {[%clk 0:01:29]} 27. Nf3
{[%clk 0:01:38]} Bb3 {[%clk 0:01:26]} 28. Re1 {[%clk 0:01:32]} Nh6
{[%clk 0:01:18]} 29. Rc1 {[%clk 0:01:25]} Nf7 {[%clk 0:01:17]} 30. Bc3
{[%clk 0:01:16]} Rc8 {[%clk 0:01:15]} 31. Bd2 {[%clk 0:01:15]} Rxc1+
{[%clk 0:01:10]} 32. Bxc1 {[%clk 0:01:16]} Qc7 {[%clk 0:01:10]} 33. Qb2
{[%clk 0:01:17]} Bc4 {[%clk 0:01:09]} 34. Bxc4 {[%clk 0:01:14]} Qxc4
{[%clk 0:01:10]} 35. Nd2 {[%clk 0:01:10]} Qc7 {[%clk 0:01:11]} 36. Nb3
{[%clk 0:01:08]} e5 {[%clk 0:01:08]} 37. dxe5 {[%clk 0:01:08]} fxe5
{[%clk 0:01:08]} 38. Qd2 {[%clk 0:01:09]} d4 {[%clk 0:01:07]} 39. Bb2
{[%clk 0:01:07]} Qe7 {[%clk 0:01:02]} 40. a4 {[%clk 0:01:06]} Bb4
{[%clk 0:01:03]} 41. Qd3 {[%clk 0:01:04]} Bd6 42. f3 {[%clk 0:01:00]} Ng5
{[%clk 0:01:01]} 43. Bc1 {[%clk 0:00:55]} Ne6 {[%clk 0:01:02]} 44. Qe4
{[%clk 0:00:52]} Nc5 {[%clk 0:01:01]} 45. Nxc5 Bxc5 {[%clk 0:01:02]} 46. Bb2
{[%clk 0:00:48]} h6 {[%clk 0:00:58]} 47. Kh1 {[%clk 0:00:50]} Qe8
{[%clk 0:00:57]} 48. Qc2 {[%clk 0:00:48]} Qe7 {[%clk 0:00:57]} 49. Qe4
{[%clk 0:00:49]} Bb6 {[%clk 0:00:59]} 50. f4 {[%clk 0:00:46]} Bc7
{[%clk 0:00:54]} 51. Bxd4 {[%clk 0:00:44]} Qb4 {[%clk 0:00:46]} 52. Qd5+
{[%clk 0:00:43]} Kh8 {[%clk 0:00:47]} 53. Bxe5 {[%clk 0:00:43]} Qb1+
{[%clk 0:00:48]} 54. Kh2 {[%clk 0:00:44]} Bxe5 {[%clk 0:00:49]} 55. Qxe5
{[%clk 0:00:44]} Qb4 {[%clk 0:00:46]} 56. Qe3 {[%clk 0:00:39]} Qxa4
{[%clk 0:00:46]} 57. Qg3 {[%clk 0:00:38]} 0-1

[Event "d12b"]
[Site "?"]
[Date "2020.08.30"]
[Round "13.4"]
[White "Natoli, Alessia"]
[Black "Gladyszewska, Kinga"]
[Result "0-1"]
[BlackElo "1124"]
[WhiteElo "1302"]
[LiveChessVersion "1.4.8"]

1. e4 {[%clk 0:03:03]} e5 {[%clk 0:03:03]} 2. Nf3 {[%clk 0:03:03]} Nc6
{[%clk 0:03:04]} 3. Bb5 {[%clk 0:03:04]} a6 {[%clk 0:03:05]} 4. Bxc6
{[%clk 0:03:05]} dxc6 {[%clk 0:03:05]} 5. O-O {[%clk 0:03:05]} Bd6
{[%clk 0:03:05]} 6. d4 {[%clk 0:03:06]} exd4 {[%clk 0:03:04]} 7. Qxd4
{[%clk 0:03:06]} f6 {[%clk 0:03:03]} 8. h3 {[%clk 0:03:07]} Be6 {[%clk 0:02:55]}
9. Nc3 {[%clk 0:03:08]} Ne7 {[%clk 0:02:54]} 10. Be3 {[%clk 0:03:05]} O-O
{[%clk 0:02:52]} 11. Qd2 {[%clk 0:03:05]} Ng6 {[%clk 0:02:39]} 12. Rad1
{[%clk 0:03:01]} Ne5 {[%clk 0:02:35]} 13. Nxe5 {[%clk 0:02:57]} Bxe5
{[%clk 0:02:35]} 14. Qc1 {[%clk 0:02:55]} Qe7 {[%clk 0:02:34]} 15. Bd4
{[%clk 0:02:54]} Bd6 {[%clk 0:02:10]} 16. Rfe1 {[%clk 0:02:53]} Qf7
{[%clk 0:02:03]} 17. Kh1 {[%clk 0:02:49]} Qh5 {[%clk 0:01:57]} 18. Qe3
{[%clk 0:02:48]} c5 {[%clk 0:01:52]} 19. Qe2 {[%clk 0:02:15]} Qxe2
{[%clk 0:01:48]} 20. Nxe2 {[%clk 0:02:15]} cxd4 {[%clk 0:01:49]} 21. Nxd4
{[%clk 0:02:15]} Bf7 {[%clk 0:01:48]} 22. Nf5 {[%clk 0:02:13]} Be5
{[%clk 0:01:47]} 23. c3 {[%clk 0:02:11]} Be6 {[%clk 0:01:39]} 24. Ne7+
{[%clk 0:02:03]} Kf7 {[%clk 0:01:32]} 25. Nd5 {[%clk 0:02:03]} Bxd5
{[%clk 0:01:33]} 26. Rxd5 {[%clk 0:02:03]} Bd6 {[%clk 0:01:32]} 27. Red1
{[%clk 0:01:54]} Rfe8 {[%clk 0:01:33]} 28. f3 {[%clk 0:01:55]} Re6
{[%clk 0:01:22]} 29. Kg1 {[%clk 0:01:53]} Rae8 {[%clk 0:01:23]} 30. Kf2
{[%clk 0:01:49]} Re5 {[%clk 0:01:23]} 31. R5d2 {[%clk 0:01:40]} Rb5
{[%clk 0:01:17]} 32. c4 {[%clk 0:01:36]} Rbe5 {[%clk 0:01:15]} 33. b3
{[%clk 0:01:37]} Bc5+ {[%clk 0:01:11]} 34. Kf1 {[%clk 0:01:36]} R5e7
{[%clk 0:01:10]} 35. Rd5 {[%clk 0:01:34]} Bd6 {[%clk 0:01:10]} 36. c5
{[%clk 0:01:23]} Be5 {[%clk 0:01:09]} 37. b4 {[%clk 0:01:18]} Bc3
{[%clk 0:01:07]} 38. a3 {[%clk 0:01:19]} Re5 {[%clk 0:01:01]} 39. Rd7+
{[%clk 0:01:17]} R5e7 {[%clk 0:01:01]} 40. R7d3 {[%clk 0:01:17]} Be5
{[%clk 0:00:59]} 41. Ke2 {[%clk 0:01:15]} f5 {[%clk 0:01:00]} 42. exf5
{[%clk 0:01:05]} Bf6+ {[%clk 0:00:59]} 43. Kf1 {[%clk 0:01:03]} Re3
{[%clk 0:00:54]} 44. Rd7+ {[%clk 0:00:59]} R8e7 {[%clk 0:00:51]} 45. Rxe7+
{[%clk 0:00:56]} Kxe7 {[%clk 0:00:52]} 46. Kf2 {[%clk 0:00:53]} Rxa3
{[%clk 0:00:53]} 47. Re1+ {[%clk 0:00:53]} Kf7 {[%clk 0:00:53]} 48. Rd1
{[%clk 0:00:53]} Ke7 {[%clk 0:00:46]} 49. Re1+ {[%clk 0:00:54]} Kd7
{[%clk 0:00:45]} 50. Rd1+ {[%clk 0:00:54]} Kc6 {[%clk 0:00:46]} 51. Re1
{[%clk 0:00:48]} Rb3 {[%clk 0:00:36]} 52. Re4 {[%clk 0:00:40]} Rd3
{[%clk 0:00:29]} 53. g4 {[%clk 0:00:40]} h6 {[%clk 0:00:29]} 54. f4
{[%clk 0:00:34]} Rd4 {[%clk 0:00:29]} 55. Rxd4 {[%clk 0:00:31]} Bxd4+
{[%clk 0:00:30]} 56. Kf3 {[%clk 0:00:31]} Bc3 {[%clk 0:00:31]} 57. g5
{[%clk 0:00:31]} Bxb4 {[%clk 0:00:26]} 58. gxh6 {[%clk 0:00:30]} gxh6
{[%clk 0:00:26]} 59. Kg4 {[%clk 0:00:27]} Bxc5 {[%clk 0:00:27]} 60. f6
{[%clk 0:00:27]} Bf8 {[%clk 0:00:27]} 61. Kf5 {[%clk 0:00:28]} a5
{[%clk 0:00:28]} 62. Ke6 {[%clk 0:00:27]} a4 {[%clk 0:00:29]} 63. Kf7
{[%clk 0:00:28]} Bc5 {[%clk 0:00:19]} 64. Ke8 {[%clk 0:00:26]} a3
{[%clk 0:00:20]} 65. f7 {[%clk 0:00:27]} a2 {[%clk 0:00:21]} 66. f8=Q
{[%clk 0:00:24]} Bxf8 {[%clk 0:00:22]} 67. Kxf8 {[%clk 0:00:24]} a1=Q
{[%clk 0:00:23]} 68. f5 {[%clk 0:00:24]} Qf6+ {[%clk 0:00:23]} 69. Ke8
{[%clk 0:00:24]} Qxf5 {[%clk 0:00:20]} 70. h4 {[%clk 0:00:25]} Qh7
{[%clk 0:00:16]} 71. h5 {[%clk 0:00:25]} Kd6 {[%clk 0:00:16]} 72. Kf8
{[%clk 0:00:26]} Ke6 {[%clk 0:00:17]} 73. Ke8 {[%clk 0:00:26]} Qe7#
{[%clk 0:00:18]} 0-1

[Event "d12b"]
[Site "?"]
[Date "2020.08.30"]
[Round "13.5"]
[White "Kulczycka, Zofia"]
[Black "Ziobrowska, Maja"]
[Result "1-0"]
[BlackElo "1266"]
[WhiteElo "1116"]
[LiveChessVersion "1.4.8"]

1. e4 e5 2. Nf3 Nc6 3. Bb5 Nge7 4. O-O g6 5. c3 Bg7 6. d4 exd4 7. cxd4 d5 8. e5
O-O 9. Bg5 Bg4 10. h3 Bxf3 11. Qxf3 Nxd4 12. Qd3 Nxb5 13. Qxb5 Bxe5 14. Re1 f6
15. Be3 Nf5 16. Bc5 Bd6 17. Bxd6 Qxd6 18. Nc3 d4 19. Ne4 Qb6 20. Qc4+ Kh8 21. b3
Rad8 22. Rac1 c6 23. Nc5 Rfe8 24. Ne4 Kg7 25. Qd3 Qc7 26. Qf3 Qf7 27. Rcd1 d3 28.
Rxd3 Rxd3 29. Qxd3 Qd5 30. Qe2 Nd4 31. Qe3 f5 32. Qc3 Rxe4 33. Rxe4 Qxe4 34. Kh2
Qd5 35. Qb4 Qe5+ 36. Kg1 c5 37. Qxb7+ Kh6 38. Qxa7 Ne2+ 39. Kf1 Nc3 40. Qa5 Qe2+
41. Kg1 Qe1+ 42. Kh2 Qd2 43. Qxc5 Ne4 44. Qe3+ Qxe3 45. fxe3 Kg7 46. a4 Nc5 47.
a5 Nxb3 48. a6 Nc5 49. a7 Nd7 50. a8=Q Kf6 51. Qc6+ Ke7 52. Qa4 h6 53. Qb4+ Kf6
54. Qd6+ Kg5 55. Qxd7 f4 56. Qe7+ Kh5 57. exf4 g5 58. fxg5 hxg5 59. Qh7# 1-0

[Event "d12b"]
[Site "?"]
[Date "2020.08.30"]
[Round "13.6"]
[White "Sliwicka, Weronika"]
[Black "Slusarczyk, Anna"]
[Result "0-1"]
[BlackElo "1267"]
[WhiteElo "1184"]
[LiveChessVersion "1.4.8"]

1. e4 {[%clk 0:03:02]} c5 {[%clk 0:03:03]} 2. Nf3 {[%clk 0:03:03]} e6
{[%clk 0:03:04]} 3. Nc3 {[%clk 0:03:04]} a6 {[%clk 0:03:04]} 4. d3
{[%clk 0:03:05]} b5 {[%clk 0:03:04]} 5. Be3 {[%clk 0:03:05]} Bb7 {[%clk 0:03:05]}
6. a3 {[%clk 0:03:05]} Qc7 {[%clk 0:03:05]} 7. d4 {[%clk 0:02:55]} cxd4
{[%clk 0:03:02]} 8. Nxd4 {[%clk 0:02:50]} Nf6 {[%clk 0:02:59]} 9. Bd3
{[%clk 0:02:48]} Be7 {[%clk 0:02:54]} 10. Nf3 {[%clk 0:02:34]} Nc6
{[%clk 0:02:51]} 11. Qd2 {[%clk 0:02:33]} Rc8 {[%clk 0:02:49]} 12. Bf4
{[%clk 0:02:33]} d6 {[%clk 0:02:47]} 13. O-O {[%clk 0:02:30]} O-O
{[%clk 0:02:46]} 14. Rfe1 {[%clk 0:02:30]} Rfd8 {[%clk 0:01:38]} 15. e5
{[%clk 0:02:30]} dxe5 {[%clk 0:01:39]} 16. Nxe5 {[%clk 0:02:30]} Bd6
{[%clk 0:01:37]} 17. Qe3 {[%clk 0:02:02]} g6 {[%clk 0:00:45]} 18. Bg3
{[%clk 0:01:26]} Nxe5 {[%clk 0:00:16]} 19. Bxe5 {[%clk 0:01:27]} Ng4
{[%clk 0:00:15]} 20. Bxd6 {[%clk 0:01:24]} Qxd6 {[%clk 0:00:15]} 21. Qh3
{[%clk 0:01:20]} f5 {[%clk 0:00:12]} 22. Be2 {[%clk 0:01:10]} Qf4
{[%clk 0:00:07]} 23. Bxg4 {[%clk 0:01:07]} fxg4 {[%clk 0:00:08]} 24. Qg3
{[%clk 0:01:06]} Qf5 {[%clk 0:00:08]} 25. Re2 {[%clk 0:01:01]} Rf8
{[%clk 0:00:08]} 26. Rae1 {[%clk 0:01:01]} Rce8 {[%clk 0:00:08]} 27. Qd3
{[%clk 0:00:54]} Qf6 {[%clk 0:00:07]} 28. Qd7 {[%clk 0:00:54]} Re7
{[%clk 0:00:07]} 29. Qd3 {[%clk 0:00:53]} Ree8 {[%clk 0:00:06]} 30. Qg3
{[%clk 0:00:52]} Bc6 {[%clk 0:00:05]} 31. Qxg4 {[%clk 0:00:52]} h5
{[%clk 0:00:05]} 32. Qg3 {[%clk 0:00:50]} Bb7 {[%clk 0:00:06]} 33. Qh3
{[%clk 0:00:47]} Rf7 {[%clk 0:00:06]} 34. Kh1 {[%clk 0:00:44]} Ree7
{[%clk 0:00:05]} 35. Rxe6 {[%clk 0:00:44]} Qxf2 {[%clk 0:00:06]} 36. Rxg6+
{[%clk 0:00:43]} Kf8 {[%clk 0:00:06]} 37. Rg1 {[%clk 0:00:40]} Qf1
{[%clk 0:00:04]} 38. Qxh5 {[%clk 0:00:34]} Qxg1+ {[%clk 0:00:04]} 39. Kxg1
{[%clk 0:00:34]} Re1# {[%clk 0:00:04]} 0-1

[Event "d12b"]
[Site "?"]
[Date "2020.08.30"]
[Round "13.7"]
[White "Makarec, Anna"]
[Black "Zapalowska, Wiktoria"]
[Result "0-1"]
[BlackElo "1090"]
[WhiteElo "1053"]
[LiveChessVersion "1.4.8"]

1. e4 {[%clk 0:03:03]} c5 {[%clk 0:03:04]} 2. Nc3 {[%clk 0:03:04]} Nc6
{[%clk 0:03:05]} 3. Nge2 {[%clk 0:03:04]} e6 {[%clk 0:03:05]} 4. g3
{[%clk 0:03:05]} Nf6 {[%clk 0:03:05]} 5. Bg2 {[%clk 0:03:06]} Qc7
{[%clk 0:03:07]} 6. d3 {[%clk 0:03:07]} a6 {[%clk 0:03:08]} 7. h3
{[%clk 0:03:08]} b5 {[%clk 0:03:09]} 8. Be3 {[%clk 0:03:07]} Bb7 {[%clk 0:03:10]}
9. Qd2 {[%clk 0:03:05]} Be7 {[%clk 0:03:11]} 10. f4 {[%clk 0:03:01]} d6
{[%clk 0:03:11]} 11. d4 {[%clk 0:02:52]} cxd4 {[%clk 0:03:08]} 12. Nxd4
{[%clk 0:02:52]} O-O {[%clk 0:03:08]} 13. O-O {[%clk 0:02:47]} Rfd8
{[%clk 0:03:08]} 14. Rae1 {[%clk 0:02:44]} Rac8 {[%clk 0:03:09]} 15. f5
{[%clk 0:02:38]} exf5 {[%clk 0:02:41]} 16. Nxf5 {[%clk 0:02:32]} h6
{[%clk 0:02:36]} 17. Nd5 {[%clk 0:02:13]} Nxd5 {[%clk 0:02:36]} 18. exd5
{[%clk 0:02:12]} Ne5 {[%clk 0:02:36]} 19. Bxh6 {[%clk 0:01:19]} Bf6
{[%clk 0:01:58]} 20. Bg5 {[%clk 0:01:13]} Bxg5 {[%clk 0:01:32]} 21. Qxg5
{[%clk 0:01:14]} f6 {[%clk 0:01:31]} 22. Qh4 {[%clk 0:00:36]} Rd7
{[%clk 0:01:04]} 23. Be4 {[%clk 0:00:35]} Qc5+ {[%clk 0:00:42]} 24. Kh1
{[%clk 0:00:32]} Bxd5 {[%clk 0:00:40]} 25. Bxd5+ {[%clk 0:00:22]} Qxd5+
{[%clk 0:00:41]} 26. Kg1 {[%clk 0:00:18]} Nf3+ {[%clk 0:00:34]} 27. Rxf3
{[%clk 0:00:16]} Qxf3 {[%clk 0:00:35]} 28. Ne7+ {[%clk 0:00:14]} Rxe7
{[%clk 0:00:28]} 29. Rxe7 {[%clk 0:00:15]} Qd1+ {[%clk 0:00:29]} 30. Kf2
{[%clk 0:00:04]} Rxc2+ {[%clk 0:00:30]} 31. Ke3 {[%clk 0:00:05]} Qe2+
{[%clk 0:00:29]} 32. Kd4 {[%clk 0:00:06]} Qxe7 {[%clk 0:00:29]} 33. Kd3
{[%clk 0:00:07]} Qe2+ {[%clk 0:00:29]} 34. Kd4 {[%clk 0:00:08]} Qc4+
{[%clk 0:00:30]} 35. Ke3 {[%clk 0:00:08]} Qxh4 {[%clk 0:00:31]} 36. gxh4
{[%clk 0:00:09]} Rxb2 {[%clk 0:00:31]} 37. Kd3 {[%clk 0:00:09]} Rxa2 0-1